| 000 | 00761nam a2200253Ia 4500 | ||
|---|---|---|---|
| 003 | OSt | ||
| 005 | 20220928123950.0 | ||
| 006 | a|||||r|||| 00| 0 | ||
| 007 | ta | ||
| 008 | 220927b |||||||| |||| 00| 0 eng d | ||
| 024 | _a73957 | ||
| 037 | _cTextual | ||
| 040 |
_aSDCL _cSDCL _beng |
||
| 041 |
_2eng _aeng |
||
| 082 | _aX65.73'N7, L7 | ||
| 100 |
_aAltman Edward I Ed. _9462725 |
||
| 245 | 0 |
_aFinancial crisis _b Institutions and markets in a fragite environment |
|
| 260 |
_aNew York _b John Wiley _c1977 |
||
| 300 |
_axv,288p _ccm. |
||
| 490 | _aWiley interscience publication | ||
| 700 |
_a Sametz Arnold Ed. _9462726 |
||
| 942 |
_hX65.73'N7, L7 _cTEXL _2CC |
||
| 999 |
_c775694 _d775694 |
||